[Event "Kazan Mayors Cup 2022"]
[Site "Kazan"]
[Date "2022.01.28"]
[Round "2.5"]
[White "Matlakov, Maxim"]
[Black "Dreev, Aleksey"]
[Result "1-0"]
[WhiteElo "2674"]
[BlackElo "2623"]
[Annotator "TA"]
[PlyCount "77"]
[EventDate "2022.01.28"]
[EventType "tourn"]
[EventCountry "RUS"]
[SourceTitle "playchess.com"]
[Source "ChessBase"]
[SourceQuality "1"]

{[%evp 10,77,10,0,0,0,-4,0,33,40,80,59,124,126,121,106,212,118,121,125,122,110,155,156,141,135,152,144,129,125,139,153,133,116,158,152,198,184,193,203,268,258,267,270,266,266,262,258,377,386,386,386,378,318,343,345,341,344,321,265,328,336,328,314,380,376,368,327,366,366]} 1. d4 Nf6 2. c4 e6 3. g3 d5 4. Bg2 dxc4 5. Qa4+ Nbd7 6. Qxc4 c5 {E03: Open Catalan: 5 Qa4+ Nbd7 6 Qxc4.} 7. Nf3 a6 8. Qb3 $5 {[%mdl 4] An interesting side line.} Ra7 {The position is equal.} 9. O-O {[#]} b5 $146 {[#]} ({Predecessor:} 9... b6 10. Ne5 Nxe5 11. dxe5 Nd7 12. f4 Be7 13. Rd1 Qc7 14. Nd2 O-O 15. Nc4 Bb7 {1-0 (38) Mercadal Benejam,J (2392)-Blondel,F (2027) ICCF email 2014}) 10. a4 $1 c4 (10... b4 $1 $14) 11. Qc2 $16 Qb6 12. b3 Nd5 (12... Bb7 $16 {might work better.}) 13. axb5 ({But not} 13. bxc4 $6 bxc4 14. e4 (14. Qxc4 Rc7 $16) 14... N5f6) ({White should play} 13. e4 $18 N5f6 14. bxc4 bxc4 15. Bf4 (15. Qxc4 Bb7 $16)) 13... axb5 14. Rxa7 Qxa7 15. bxc4 Nb4 (15... bxc4 $142 16. Qxc4 Ba6) 16. Qb2 {aiming for c5.} bxc4 17. Na3 Ba6 18. Bd2 {[%cal Bc1d2,Bd2a5,Ba5b4,Bb4f8][%mdl 32]} Nd5 19. Ra1 {[%cal Oa3c4] Strongly threatening Nxc4!} Qb8 20. Qxb8+ Nxb8 21. e4 Nb6 ({Better is} 21... c3) 22. Ba5 {White is more active.} N8d7 (22... N6d7 $16 {keeps fighting.} 23. Nd2 Bxa3 24. Rxa3 O-O) 23. Nb1 $18 {[%cal Ba3b1,Bb1c3,Bc3b5][%mdl 32] Black must now prevent Bxb6.} Bc8 24. Nc3 {Threatens to win with Rb1.} Be7 25. Rb1 Bd8 {[#]} 26. Nb5 $1 O-O 27. Bb4 Bb7 28. Nd2 ({Much less strong is} 28. Bxf8 $6 Bxe4 29. Re1 Bxf3 $18) 28... c3 (28... Ba6 $142 29. Bxf8 Kxf8) 29. Bxf8 cxd2 30. Bb4 Nc4 31. Na3 Nxa3 32. Bxa3 Ba5 33. Bf3 Bc6 34. d5 exd5 35. exd5 Ba4 36. Rb7 f5 37. Ra7 Ne5 38. Be2 Nc4 {[#]} 39. Bb4 $1 {[%mdl 512] Weighted Error Value: White=0.07 (flawless) /Black=0.25 (precise)} 1-0

[Event "Kazan Mayors Cup 2022"]
[Site "Kazan"]
[Date "2022.01.28"]
[Round "3.1"]
[White "Dreev, Aleksey"]
[Black "Rublevsky, Sergei"]
[Result "1/2-1/2"]
[WhiteElo "2623"]
[BlackElo "2637"]
[Annotator "TA"]
[PlyCount "43"]
[EventDate "2022.01.28"]
[EventType "tourn"]
[EventCountry "RUS"]
[SourceTitle "playchess.com"]
[Source "ChessBase"]
[SourceQuality "1"]

{[%evp 10,43,16,14,22,14,7,5,7,0,4,0,8,16,10,12,14,18,34,43,69,70,82,78,79,92,81,0,0,0,0,0,0,0,0,0]} 1. d4 d5 2. Nf3 Nf6 3. c4 c6 4. Qb3 dxc4 5. Qxc4 Bg4 6. Nbd2 Nbd7 {D23: Queen's Gambit Accepted: 3 Nf3 Nf6 sidelines.} 7. g3 e6 8. Bg2 Be7 9. O-O $1 O-O 10. Qb3 Qb6 11. Nc4 Qa6 12. Bd2 Rfd8 $5 {[%mdl 4] An interesting side line.} 13. Rfc1 Rac8 14. e3 {[#]} c5 $5 $146 {[%mdl 8] New and interesting.} ({Predecessor:} 14... Bf5 15. Nfe5 b5 16. Nxd7 Rxd7 17. Ne5 Rdc7 18. Bf1 Qb7 19. Ba5 Rd7 20. Nxd7 Qxd7 {1-0 (43) Vajda,S (2358)-Kopinits,A (2293) Balatonszarszo 2017}) 15. Nfe5 $1 b5 16. Nxg4 {White is more active.} bxc4 17. Nxf6+ ({Reject} 17. Qxc4 Qxc4 18. Nxf6+ Bxf6 $11) 17... Bxf6 {[#]} 18. Qxc4 ({Better is} 18. Bb7 $1 $16 Qd6 (18... Rb8 19. Bxa6) 19. Rxc4 (19. Qxc4 Rb8 $11)) 18... Qxc4 $11 {The position is equal.} 19. Rxc4 {Black must now prevent Rac1.} Nb6 {[%csl LRc4,LRd4]} 20. Rxc5 Rxc5 21. dxc5 Rxd2 22. cxb6 {Weighted Error Value: White=0.05 (flawless) /Black=0.05 (flawless)} 1/2-1/2

[Event "Kazan Mayors Cup 2022"]
[Site "Kazan"]
[Date "2022.01.28"]
[Round "3.2"]
[White "Sarana, Alexey"]
[Black "Matlakov, Maxim"]
[Result "1-0"]
[WhiteElo "2666"]
[BlackElo "2674"]
[Annotator "TA"]
[PlyCount "55"]
[EventDate "2022.01.28"]
[EventType "tourn"]
[EventCountry "RUS"]
[SourceTitle "playchess.com"]
[Source "ChessBase"]
[SourceQuality "1"]

{[%evp 12,55,8,0,0,-21,0,-39,35,35,35,36,25,19,20,0,7,-3,45,38,107,104,72,-67,148,122,148,161,154,155,161,161,173,118,135,110,250,202,220,212,281,242,308,304,345,345]} 1. d4 Nf6 2. c4 e6 3. Nc3 Bb4 4. Qc2 d5 5. cxd5 Qxd5 6. Nf3 Qf5 7. Qb3 Nc6 {7...Nc6 scores better than 7...c5. E34: Nimzo-Indian: Classical: 4...d5.} 8. h3 a5 {[#]} 9. g4 $146 {[#]} (9. a3 $5 {[%cal Ra3b4]} a4 10. Qa2 Bxc3+ 11. bxc3 $11) ({Predecessor:} 9. a3 a4 10. Qd1 Bxc3+ 11. bxc3 O-O 12. e3 e5 13. Bb2 exd4 14. cxd4 Ne4 15. Bd3 {1-0 (82) Zhao,X (2549)-Socko,M (2463) Ankara 2012}) 9... Qg6 (9... a4 $1 $15 10. Qd1 (10. Qxb4 Qxf3 11. exf3 Nxb4 $15) 10... Qa5) 10. a3 $14 a4 11. Qd1 {aiming for Nh4.} Bxc3+ 12. bxc3 {And now Nh4 would win.} Ne4 13. Qd3 Nd6 14. Ne5 Nxe5 (14... Qxd3 $11 15. exd3 Na5) 15. dxe5 Qe4 {[#]} 16. exd6 $1 $16 Qxh1 17. Qd4 (17. dxc7 $16 {[%csl Gc7][%cal Rd3d8]} O-O 18. Bf4) 17... O-O $2 (17... cxd6 $2 18. Qxg7 Qc6 19. Qxh8+ $18) (17... f6 $1 $15 {stays ahead.} 18. dxc7 Qc6 19. Qd8+ Kf7) 18. d7 $1 $36 {[%mdl 2048] White is on the roll. White is more active.} Bxd7 19. Qxd7 Rfd8 20. Qxc7 Qd5 {[%csl Gd8][%cal Rd5d1] [#] Inhibits Ra2.} 21. Be3 $1 Rac8 {[#]} 22. Qb6 (22. c4 $1 $18 {[%mdl 512]} Qe4 (22... Qxc4 23. Qxc4) 23. Qa5) 22... h5 23. gxh5 {Hoping for h6.} Qxh5 {This costs Black the game.} (23... Rxc3 $16 24. Bg2 Qd7) 24. Bg2 ({Not} 24. Qxb7 Rxc3 25. Qb6 Rcc8 $16) 24... Rd7 25. Qb4 (25. Bxb7 $6 Rxc3 26. Bc6 Rb3 $16) 25... Qg6 26. Kf1 Qc2 {( -> ...Rd1+)} 27. Be4 ({Don't take} 27. Bxb7 Rxc3 28. Be4 Qb3 $18) 27... Qxc3 28. Rc1 {Weighted Error Value: White=0.26 (precise) /Black=0.43} 1-0

[Event "Kazan Mayors Cup 2022"]
[Site "Kazan"]
[Date "2022.01.28"]
[Round "3.3"]
[White "Oparin, Grigoriy"]
[Black "Artemiev, Vladislav"]
[Result "1-0"]
[WhiteElo "2681"]
[BlackElo "2700"]
[Annotator "TA"]
[PlyCount "77"]
[EventDate "2022.01.28"]
[EventType "tourn"]
[EventCountry "RUS"]
[SourceTitle "playchess.com"]
[Source "ChessBase"]
[SourceQuality "1"]

{[%evp 9,77,26,31,4,17,23,24,7,14,21,24,22,23,16,16,26,30,25,21,12,14,15,15,10,41,0,0,0,0,0,23,0,0,0,0,0,62,0,79,0,60,68,86,78,199,193,213,214,275,260,452,453,480,488,474,409,762,752,925,916,5975,1739,5357,4614,29980,29981,29998,29988,29998,29999]} 1. Nf3 d5 2. e3 g6 3. c4 e6 4. d4 Bg7 5. Nc3 Nf6 6. Bd3 {D94: Grünfeld: 4 Nf3 Bg7 5 e3.} O-O 7. O-O Nbd7 8. b3 {White has an edge.} Re8 9. Bb2 {[#]} b6 $146 ({Predecessor:} 9... a6 10. Qc2 c6 11. a4 Bf8 12. Rfd1 a5 13. e4 Nb8 14. Ne5 Na6 15. Bf1 Nb4 {1-0 (44) Uria Aguilera,Y-Fonseca del Pozo,J (2020) Ciego de Avila 2009}) 10. Rc1 Bb7 11. cxd5 Nxd5 12. Nxd5 Bxd5 13. Qe2 e5 14. Bb5 {Threatening Rfd1.} exd4 15. Bxd4 Bxd4 16. Nxd4 c5 17. Nf3 (17. Nc2 $1 $14) 17... a6 $11 18. Bxa6 Bxf3 19. gxf3 Qg5+ 20. Kh1 Qh5 $1 {[%cal Oa8a6] And now ...Rxa6! would win.} 21. Rg1 Rxa6 22. Qxa6 {Black must now prevent Qb7.} Qxf3+ 23. Rg2 Ra8 {[#]} (23... Ne5 $1 $11 {keeps the balance.}) 24. Qb5 (24. Qd3 $1 $16 {[%cal Rd3d7]} Ne5 25. Qd6) 24... Nf6 (24... Ne5 $11) 25. Qxb6 $14 Ne4 26. Kg1 Nc3 {A mistake that costs the game.} 27. Re1 $18 Ne4 {[#]} 28. a4 $1 h5 29. h4 Qf5 $2 (29... Nd2 30. Qd6 (30. Qxc5 Qh3 $16) 30... Nxb3) 30. Rd1 Kh7 {[%cal Oe4f2]} 31. Rd8 Rxd8 32. Qxd8 {[%mdl 4096] Endgame KQR-KQN} Nc3 (32... Nf6 $142 33. a5 Ng4) 33. Qe7 Kg8 34. a5 {[%cal Ba4a5,Ba5a6][%mdl 32] Hoping for a6.} Qh3 35. Qd8+ (35. Qe8+ $142 Kg7 36. Qe5+ Kh7 37. Qxc3) 35... Kh7 36. Qd3 Na2 37. Qd5 {[%csl LRc5,LRf7] White mates.} Kg8 38. a6 Nc3 39. Rxg6+ {Weighted Error Value: White=0.10 (very precise) /Black=0.54} 1-0

[Event "Kazan Mayors Cup 2022"]
[Site "Kazan"]
[Date "2022.01.28"]
[Round "3.4"]
[White "Gunina, Valentina"]
[Black "Galliamova, Alisa"]
[Result "1/2-1/2"]
[WhiteElo "2471"]
[BlackElo "2421"]
[Annotator "TA"]
[PlyCount "81"]
[EventDate "2022.01.28"]
[EventType "tourn"]
[EventCountry "RUS"]
[SourceTitle "playchess.com"]
[Source "ChessBase"]
[SourceQuality "1"]

{[%evp 9,81,-18,-13,-17,-3,-22,20,12,20,26,31,41,41,37,22,15,15,15,15,13,9,20,22,0,0,0,0,0,0,0,0,0,0,0,10,10,9,0,34,31,25,0,25,33,53,37,47,45,41,43,35,8,19,0,0,0,0,0,0,-77,0,0,0,0,0,0,0,0,0,0,0,0,0,0]} 1. d4 d5 2. c4 c6 3. Nf3 Nf6 4. Nc3 dxc4 5. e4 b5 $1 6. Be2 {D15: Slav Defence: 4 Nc3 a6 and gambit lines after 4 Nc3 dxc4.} e6 7. O-O Be7 (7... Bb7 $142) 8. a4 $11 b4 {[#]} 9. e5 $1 bxc3 (9... Nd5 10. Ne4) 10. exf6 Bxf6 11. bxc3 O-O 12. Bxc4 (12. Ne5 {looks sharper.} Ba6 13. Bf3 Qc7 14. Bf4 Qc8 15. Re1) 12... Ba6 13. Bxa6 Nxa6 {[%cal Bb8a6,Ba6c7,Bc7d5,Bd5f4][%mdl 32]} 14. Ba3 c5 15. Qe2 ({Of course not} 15. dxc5 Qxd1 16. Rfxd1 (16. Raxd1 Rfc8 $17) 16... Rfc8 $15) 15... Qc8 16. Rab1 Rd8 {[#]} 17. Rfc1 $146 ({Predecessor:} 17. Rfd1 cxd4 18. cxd4 Rb8 19. Rxb8 Nxb8 20. Rc1 Qa6 21. Qb5 h6 22. h3 Kh7 23. Rc7 Qxb5 24. axb5 {1-0 (42) Ivanisevic,I (2608)-Perez,R (2240) Chess.com INT 2020}) 17... Qc6 18. Rb5 Nc7 19. Rxc5 Qxa4 20. Bb2 Nd5 21. c4 {[%cal Bc3c4,Bc4c5][%mdl 32]} Nf4 22. Qe4 Ng6 23. h4 {[%cal Bh2h4,Bh4h5][%mdl 32]} Rac8 24. Rxc8 Rxc8 25. h5 (25. Qb7 $5 {[%cal Rb7c8]} Qc6 26. Qxc6 (26. Qxa7 $2 Ra8 $19) 26... Rxc6 27. g3 $14) 25... Nf8 26. c5 Qb3 27. Bc3 Qd5 28. Qxd5 (28. Qg4 {seems wilder.} h6 29. Bd2 Kh8 30. Be3 Nd7 31. Nd2) 28... exd5 29. Ra1 Ne6 {[%cal Oe6c5]} 30. Rxa7 Nxc5 $1 31. dxc5 Bxc3 $14 {[%mdl 4096] Endgame KRB-KRN} 32. Rd7 h6 33. g4 Rxc5 34. g5 (34. Nh4 $11 {remains equal.}) 34... hxg5 (34... Kf8 $17 35. gxh6 gxh6) 35. Nxg5 $11 {[%cal Rd7d8] [#] The position is equal.} Bf6 {To avoid Rd8+} 36. Nxf7 Kh7 37. Kg2 d4 38. h6 gxh6 39. Nd6+ Kg6 {aiming for ...Rd5.} 40. Ne4 Rc6 41. Nxf6 {Weighted Error Value: White=0.08 (flawless) /Black=0.07 (flawless)} 1/2-1/2

[Event "Kazan Mayors Cup 2022"]
[Site "Kazan"]
[Date "2022.01.28"]
[Round "3.5"]
[White "Faizrakhmanov, Ramil"]
[Black "Timofeev, Artyom"]
[Result "1/2-1/2"]
[WhiteElo "2480"]
[BlackElo "2572"]
[Annotator "TA"]
[PlyCount "222"]
[EventDate "2022.01.28"]
[EventType "tourn"]
[EventCountry "RUS"]
[SourceTitle "playchess.com"]
[Source "ChessBase"]
[SourceQuality "1"]

{[%evp 20,222,36,18,24,29,27,26,37,0,13,3,16,15,15,16,23,0,0,0,0,0,0,0,0,0,0,0,0,0,0,0,0,0,0,0,0,0,0,0,0,0,0,0,0,0,0,0,0,0,0,0,0,0,5,5,5,5,5,5,5,0,39,39,39,42,197,133,133,133,133,133,133,58,58,58,58,58,58,58,58,58,58,58,58,58,58,58,58,58,58,58,58,58,58,58,58,58,58,43,43,43,43,43,43,43,43,43,43,0,0,0,0,0,0,0,0,0,0,0,0,0,0,0,0,0,0,0,0,0,0,0,0,0,0,0,0,0,0,0,0,0,0,0,0,0,0,0,0,0,0,0,0,0,0,0,0,0,0,0,0,0,0,0,0,0,0,0,0,0,0,0,0,0,0,0,0,0,0,0,0,0,0,0,0,0,0,0,0,0,0,0,0,0,0,0,0,0,0,0,0,0,0,0,0]} 1. d4 d5 2. c4 e6 3. Nf3 c6 4. e3 Nf6 5. Nc3 Nbd7 6. Qc2 Bd6 7. b3 O-O 8. Be2 dxc4 9. bxc4 e5 10. O-O Re8 11. a4 exd4 {D45: Semi-Slav: 5 e3.} 12. exd4 Nf8 13. h3 {[#]} (13. Rd1 {keeps more tension.} Ng6 14. h3 Qa5 15. c5 Bf4 16. Bd3) 13... Bd7 $146 {White has an edge.} ({Predecessor:} 13... Ng6 14. a5 Bd7 15. c5 Bc7 16. a6 b6 17. Rd1 Qc8 18. d5 Bf5 19. Qa2 cxd5 {0-1 (37) Bindrich,F (2590)-Lu,S (2627) Doha 2016}) 14. Ba3 Bxa3 15. Rxa3 Ng6 16. Rd1 Qc7 17. Bf1 Rad8 18. Qc1 Bc8 19. Ra2 Qa5 20. Re2 Rxe2 21. Bxe2 h6 22. Bd3 Bf5 23. Bxf5 Qxf5 24. Qb1 Qc8 25. Ne4 Nxe4 26. Qxe4 Re8 27. Qg4 Qd8 28. d5 cxd5 29. cxd5 Qd6 30. Nh4 Nxh4 31. Qxh4 $11 {[%mdl 4096] Endgame KQR-KQR} b6 32. Qc4 g6 33. g3 h5 34. h4 Kg7 35. Kg2 Re7 36. Rd3 Kh7 37. Qc6 Qd8 38. d6 Rd7 39. Qd5 Qc8 40. Rf3 Qe8 41. Rc3 Qd8 {Prevents Rc7.} 42. Rc6 $36 {[%mdl 2048] White fights for an advantage.} a6 $2 (42... Kg8 $14) 43. Kg1 (43. Kh2 $18) 43... b5 44. Rxa6 bxa4 45. Rxa4 Qf6 46. Rf4 {White is more active.} (46. Rd4 $16) 46... Qe6 47. Qxe6 fxe6 $14 {KR-KR} 48. Rd4 {[#] Threatens to win with Kg2.} Kg7 49. Kg2 Kf6 50. Kf3 $1 {Ke4 is the strong threat.} e5 51. Rd5 {And now Ke4 would win.} Ke6 {[%csl LRd5,LRd6]} 52. Ke4 Rxd6 53. Rxe5+ Kf6 54. Rd5 Re6+ 55. Kf4 Ra6 56. Rd4 Ra5 57. Rd6+ Kf7 58. Ke4 Ra2 59. f3 Ra3 60. Rd3 Ra5 61. Rd5 Ra3 62. Kf4 Kf6 63. Rd6+ Kf7 64. g4 (64. Ke4 $14) 64... hxg4 $11 {The position is equal.} 65. fxg4 {[#] aiming for Kg5.} Ra5 66. Rd7+ Kf6 67. g5+ Ke6 68. Rd4 Ra1 69. Rb4 Rf1+ 70. Kg3 Rg1+ 71. Kf2 Ra1 72. Rf4 Ke5 73. Rf6 Ra2+ 74. Kg3 Ra3+ 75. Rf3 Ra1 76. Kh3 Ra4 77. Kg3 Rb4 78. Kh3 Ra4 79. Rf6 Ra3+ 80. Kg2 Ra2+ 81. Kf3 Ra3+ 82. Kg4 Ra4+ 83. Kg3 Ra3+ 84. Rf3 Ra4 85. Rb3 Ke6 86. Rb6+ Kf7 87. Rb7+ Kf8 88. Rb6 Kg7 89. Rf6 Ra1 90. Rf4 Rb1 91. Rd4 Rh1 92. Kf3 Ra1 93. Kf4 Rf1+ 94. Ke5 Rf5+ 95. Ke6 Rf1 96. Rd7+ Kg8 97. Rd6 Kg7 98. Ke5 Rf5+ 99. Ke4 Rf1 100. Rd3 Re1+ 101. Kf4 Rf1+ 102. Rf3 Re1 103. Re3 Rf1+ 104. Ke4 Kg8 105. Rf3 Re1+ 106. Kd5 Kg7 107. Rf4 Re2 108. Re4 Rf2 109. Ke6 Rf1 110. Re5 Rf2 111. Rd5 Re2+ {Weighted Error Value: White=0.05 (flawless) /Black=0.07 (flawless)} 1/2-1/2

[Event "Kazan Mayors Cup 2022"]
[Site "Kazan"]
[Date "2022.01.28"]
[Round "4.1"]
[White "Matlakov, Maxim"]
[Black "Oparin, Grigoriy"]
[Result "1-0"]
[WhiteElo "2674"]
[BlackElo "2681"]
[Annotator "TA"]
[PlyCount "101"]
[EventDate "2022.01.28"]
[EventType "tourn"]
[EventCountry "RUS"]
[SourceTitle "playchess.com"]
[Source "ChessBase"]
[SourceQuality "1"]

{[%evp 16,101,30,23,12,11,22,0,0,0,0,-20,-12,-25,0,-16,-23,-43,0,0,0,0,0,0,18,16,16,9,20,0,0,2,0,0,0,0,18,14,17,10,8,0,0,0,15,0,0,0,-2,-4,0,0,136,128,128,129,138,123,122,116,131,129,210,206,204,210,189,199,188,188,276,270,317,302,260,279,236,239,555,542,512,501,1127,1143,1120,1087,29983,29983]} 1. d4 Nf6 2. c4 e6 3. Nf3 d5 4. g3 Be7 5. Bg2 O-O 6. O-O dxc4 7. Qc2 a6 8. a4 Nc6 9. Qxc4 Na5 {E05: Open Catalan: 5 Nf3 Be7.} 10. Qc2 b6 11. Nc3 $5 {[%mdl 4] A promising side line.} (11. Ne5 $5 {[%cal Rg2a8]} Nd5 12. Bd2 $11) 11... Bb7 {The position is equal.} 12. Bg5 c5 {[#]} 13. dxc5 $146 ({Predecessor:} 13. Bxf6 Bxf6 14. dxc5 bxc5 15. Rfd1 Qb6 16. Rab1 Rab8 17. Nd2 Bxg2 18. Kxg2 Qc6+ 19. f3 Rb4 20. b3 Rfb8 21. Nce4 Be7 22. Nf2 Qc8 23. Nd3 R4b7 24. Ne5 f6 {½-½ (24) Radovanovic,J (2323)-Ramoutar,A (2318) Banja Vrujci 2021}) 13... bxc5 14. Rad1 Qb6 15. Ne5 Bxg2 16. Kxg2 Rfd8 (16... Rfb8 $15) 17. Kg1 $11 Qb7 18. Rxd8+ Rxd8 19. Rd1 Rxd1+ 20. Nxd1 Qd5 21. Nf3 h6 22. Bd2 Qb3 23. Qxb3 Nxb3 24. Ne3 Ne4 25. Nc4 g5 {...g4 is the strong threat.} 26. Be3 f6 27. Kf1 g4 28. Ne1 h5 29. Nd3 e5 30. Ke1 Kf7 31. f3 Nd6 32. Nd2 Nxd2 33. Bxd2 {[%mdl 4096] Endgame KBN-KBN} Nf5 (33... gxf3 $11 34. exf3 Nf5) 34. fxg4 $16 {White now steadily converts the win.} hxg4 35. Nf2 c4 36. Nxg4 Bc5 37. e3 Nd6 38. Ke2 Kg6 (38... e4 $16 39. Bc3 Ne8) 39. Nf2 $18 f5 {[#]} 40. Bc3 $1 e4 41. Bd4 Bb4 {[#]} 42. Nh3 $1 Nc8 (42... Nb7 {was worth a try.} 43. Nf4+ Kg5) 43. Nf4+ Kg5 44. h3 Bd6 45. Kd2 {aiming for Kc3.} Bb4+ 46. Kc2 {Threatens to win with Bg7.} Ne7 $2 (46... Kh6 47. Ne6 Be1) 47. Ne6+ Kg6 48. Bc5 a5 (48... Bxc5 $142 49. Nxc5 Nd5) 49. Bxb4 axb4 50. a5 Nd5 51. Nf4+ {Weighted Error Value: White=0.03 (flawless) /Black=0.44} 1-0

[Event "Kazan Mayors Cup 2022"]
[Site "Kazan"]
[Date "2022.01.28"]
[Round "4.2"]
[White "Galliamova, Alisa"]
[Black "Faizrakhmanov, Ramil"]
[Result "0-1"]
[WhiteElo "2421"]
[BlackElo "2480"]
[Annotator "TA"]
[PlyCount "50"]
[EventDate "2022.01.28"]
[EventType "tourn"]
[EventCountry "RUS"]
[SourceTitle "playchess.com"]
[Source "ChessBase"]
[SourceQuality "1"]

{[%evp 9,50,0,16,16,8,11,12,0,11,16,17,13,18,0,22,0,97,101,93,101,103,91,104,54,43,12,22,-35,8,0,0,-52,-56,-105,-110,-123,-117,-343,-363,-668,-653,-1181,-1135]} 1. d4 Nf6 2. Nf3 d5 3. Bf4 c5 4. e3 Nc6 5. Nbd2 cxd4 6. exd4 {D02: 1 d4 d5 2 Nf3 sidelines, including 2...Nf6 3 g3 and 2...Nf6 3 Bf4.} Bf5 {6...Qb6 is more fashionable.} 7. c3 e6 8. Nh4 {The position is equal.} Be4 9. Nxe4 dxe4 10. g3 Nd5 {[#]} 11. Bd2 $146 ({Predecessor:} 11. Be3 Be7 12. Ng2 O-O 13. Be2 e5 14. O-O exd4 15. Bxd4 Nxd4 16. Qxd4 Nf6 17. Qe5 {0-1 (48) Potpara,N (2370)-Sargsyan,S (2598) Belgrade 2021}) 11... Be7 $1 12. Qg4 {[%csl LRe4,LRg7]} g5 (12... Qb6 $11 13. Rb1 (13. Qxg7 Qxb2 14. Rc1 O-O-O $17) 13... Nf6 14. Qxg7 Rg8) 13. Ng2 $16 f5 14. Qh5+ Kd7 {[%cal Be8d7,Bd7c7,Bc7b8][%mdl 32]} 15. Ne3 Qe8 {[#]} 16. Qd1 ({Better is} 16. Qe2 $1 $16) 16... Kc7 $14 17. Bc4 Qd7 18. a4 (18. Bb3 $11) 18... Rad8 (18... h5 $15) 19. a5 Kb8 20. b4 (20. Nxd5 $11 exd5 21. Bf1) 20... Ndxb4 $15 {[%cal Of5f4]} 21. cxb4 (21. O-O $15) 21... Nxd4 $17 {Hoping for ...Nf3+.} 22. Be2 {[#] Prevents Nf3+.} f4 $1 {Black is more active.} 23. gxf4 $2 (23. Nc4 $17) 23... gxf4 $19 24. Nc4 $2 (24. Nf5 exf5 25. Bxf4+ Ka8 26. a6) 24... e3 {aiming for ...Qd5.} 25. Bc3 {[#]} Qc6 $1 {Weighted Error Value: White=0.65/Black=0.15 (very precise)} 0-1

[Event "Kazan Mayors Cup 2022"]
[Site "Kazan"]
[Date "2022.01.28"]
[Round "4.3"]
[White "Artemiev, Vladislav"]
[Black "Gunina, Valentina"]
[Result "1-0"]
[WhiteElo "2700"]
[BlackElo "2471"]
[Annotator "TA"]
[PlyCount "109"]
[EventDate "2022.01.28"]
[EventType "tourn"]
[EventCountry "RUS"]
[SourceTitle "playchess.com"]
[Source "ChessBase"]
[SourceQuality "1"]

{[%evp 14,109,25,21,13,12,25,17,13,7,11,14,8,0,0,4,14,26,66,50,98,98,177,174,173,160,166,165,161,122,187,185,204,189,227,222,210,191,219,208,242,213,204,199,191,197,288,263,277,273,409,398,376,354,442,369,369,362,628,381,452,432,583,579,623,617,606,597,569,684,640,545,659,658,652,589,510,541,635,608,582,571,716,716,778,741,672,668,896,895,879,864,822,785,1302,1292,985,831]} 1. e4 c6 2. d4 d5 3. exd5 cxd5 4. Bd3 Nf6 5. h3 Nc6 6. c3 e5 7. dxe5 Nxe5 8. Nf3 Nxd3+ {B13: Caro-Kann: Exchange Variation and Panov-Botvinnik Attack.} 9. Qxd3 Bd6 {seems to push 9...Be7 aside.} 10. O-O O-O {The position is equal.} 11. Be3 Be6 12. Nbd2 Qd7 {[#]} 13. Qd4 $146 ({Predecessor:} 13. Rfe1 Bf5 14. Qf1 a6 15. Nd4 Bg6 16. f4 Be4 17. Nxe4 Nxe4 18. Rad1 Rfe8 19. Qf3 {1-0 (32) Drtina,M (2314)-Bazant,P (2282) Czech Republic 2006}) 13... Rfe8 14. Bf4 Bxf4 15. Qxf4 Ne4 16. Nd4 f5 (16... Nc5 $14 {was preferrable.}) 17. Rfe1 $16 g5 {[#]} (17... g6 $16) 18. Nxe4 $1 $18 {[%mdl 512]} gxf4 19. Nf6+ {Pair of Knights!} Kf7 20. Nxd7 Bxd7 21. f3 Kf6 (21... Rxe1+ $16 22. Rxe1 Kf6) 22. Ne2 Kg5 23. Kf2 Bb5 24. Nd4 Bd7 25. Rad1 h5 26. Ne2 Re5 27. h4+ Kxh4 28. Nxf4 Rxe1 29. Rxe1 {[#] Hoping for Re7.} (29. Kxe1 Bc6 $16) 29... Re8 {Inhibits Re7.} (29... Kg5 $142) 30. Rxe8 ({And not} 30. Nxd5 Rxe1 31. Kxe1 Be6 $11) 30... Bxe8 {[%mdl 4096] Endgame KB-KN} 31. Ne6 ({Not} 31. Nxd5 Bc6 32. c4 Ba4 $16) 31... b6 (31... f4 $142 32. Nxf4 Bf7 33. g3+ Kg5) 32. a3 ({Less strong is} 32. g3+ Kh3 33. Nf4+ Kh2 34. Nxd5 Bf7 $18) 32... f4 33. Nxf4 {And now Ne6 would win.} Bf7 {Prevents Ne6.} 34. g3+ Kg5 35. Ke3 Kf5 $2 (35... h4 36. Nh3+ Kh6 37. gxh4 Kh5) 36. Nd3 Be8 37. Kd4 {White is clearly winning.} Bb5 38. Ne5 Ke6 39. Ng6 Kf5 40. Ne7+ Ke6 41. Nxd5 {Threatens to win with Nc7+.} Bc6 42. Nf4+ Kf5 43. Ke3 Kg5 44. Ne6+ Kf6 45. Nd4 Bd5 46. Kf4 a6 47. Nc2 Ba8 48. Ne3 {Prevents Bd5.} Bc6 49. Nc4 b5 50. Ne5 Bd5 51. Nd7+ Ke7 52. Nc5 a5 53. Ne4 Bf7 54. Ke5 Bc4 55. f4 {Weighted Error Value: White=0.12 (very precise) /Black=0.34} 1-0